| 000 | 00529nam a22001817a 4500 | ||
|---|---|---|---|
| 003 | NUST - PNEC | ||
| 005 | 20170116181140.0 | ||
| 008 | 151008b xxu||||| |||| 00| 0 eng d | ||
| 020 | _a9694020441 | ||
| 020 | _a9694020433 | ||
| 040 | _cLIBRARY | ||
| 082 | _a305.5095491 WEI | ||
| 100 |
_914613 _aWeiss, Anita M. |
||
| 245 |
_aCulture, class, and development in Pakistan : the emergence of an industrial bourgeoisie in Punjab _cAnita M. Weiss |
||
| 260 | _cc.1991 | ||
| 650 |
_914618 _aPakistan _xGeneral |
||
| 942 |
_2ddc _cBK |
||
| 999 |
_c70467 _d70467 |
||